Praha - plán města s detailem centra, nejnovější názvy ulic /

Další autoři: Chmelíková, Jitka
Jazyk: Ruština
Němčina
Italština
Francouzština
Angličtina
Čeština
Vydáno: Praha : Kartografie, 1994
Vydání: 5. vyd.
Témata:
Externí odkaz: Digitalizovaný dokument
Fyzický popis: 1 list. 64x94 cm
Mapy
Uloženo v:
LEADER 01406nem a2200361 a 4500
001 000009133
003 CZ BrMZK
005 20130906203507.0
007 a c
008 940329s1994 xr XX 1 eng d
015 |a cnb000098024 
020 |a 80-7011-288-3  |c 20.00 
040 |a BOA001  |b cze 
041 1 |a eng  |a cze  |a fre  |a ita  |a ger  |a rus 
080 |a 912(437.10)  |2 MRF 
245 0 0 |a Praha - plán města  |h [kartografický dokument] :  |b s detailem centra, nejnovější názvy ulic /  |c Odp. red. Jitka Chmelíková 
250 |a 5. vyd. 
255 |a 1:20.000 
260 |a Praha :  |b Kartografie,  |c 1994 
300 |a 1 list. 64x94 cm 
500 |a Barev. slož. pl. s vícejaz. náz. a vysvětl. 
500 |a Doplň. pl. a sezn. ulic na rubu pl. 
500 |a Dostupné též v digitální podobě v aplikaci Kramerius 
653 0 |a Praha (Česko) 
700 1 |a Chmelíková, Jitka  |7 jx20051124024 
856 4 1 |u http://www.digitalniknihovna.cz/mzk/uuid/uuid:903450a0-3426-11e9-b81e-005056827e52  |y Digitalizovaný dokument  |x NDK 
910 |a BOA001  |b Skř.9A-0997.682  |b TK-0257.118 
920 |a 000030045 
962 |a 912(437.10) 
964 |a Praha - plány 
990 |a MP 
996 6 |b 2610007074  |c Skř.9A-0997.682  |l MZK  |r Sklad / do 24 hodin  |n 4  |p p.v.  |w 000009133  |u 000010  |a 1  |e BOA001  |j MZK50  |s P 
996 7 |b 2620001070  |c TK-0257.118  |l MZK  |r Sklad / do 24 hodin  |n 1  |p kup  |w 000009133  |u 000020  |a 1  |e BOA001  |j MZK50  |s A